| 000 | 00000nam##2200000za#4500 |
| 001 | 9.601121 |
| 003 | CaOODSP |
| 005 | 20221028125831 |
| 007 | cr ||||||||||| |
| 008 | 150406|2002||||xxc|||||o f|0| 0 fre|d |
| 040 | |aCaOODSP|bfre |
| 043 | |an-cn--- |
| 086 | 1 |aYC27-0/371-10F-PDF |
| 110 | 1 |aCanada. |bParlement. |bSénat. |bComité sénatorial permanent de l'agriculture et des forêts. |
| 245 | 10|aLes agriculteurs canadiens en danger : |h[ressource électronique]|brapport intérimaire / |cL'honorable Leonard Gustafson, président; L'honorable John Wiebe, vice-président. |
| 260 | |aOttawa - Ontario : |bSénat. |cJuin 2002. |
| 300 | |a96p. |
| 490 | 1 |aRapport du Comité sénatorial permanent de l'agriculture et des forêts|v[37e législature, 1re session, 10e rapport] |
| 590 | |a11-12-Supp|b2011-07-29 |
| 775 | 08|tCanadian farmers at risk : |w(CaOODSP)9.570443 |
| 830 | #0|aRapport du Comité sénatorial permanent de l'agriculture et des forêts ;|v[37e législature, 1re session, 10e rapport]|w(CaOODSP)9.502039 |
| 856 | 40|ahttp://publications.gc.ca|qPDF|s270 Ko|uhttps://publications.gc.ca/collections/collection_2011/sen/yc27-0/YC27-0-371-10-fra.pdf|y[37e législature, 1re session, 10e rapport] |